MARC

Tag First Indicator Second Indicator Subfields
LEADER 00000cas a2200000 a 4500
001 in00000084803
005 20230112233115.9
008 750708c19579999it x i0 a0eng d
010 |a  63024332  
022 |a 1020-9549  |l 1020-9549  |y 0433-3519 
035 |a (OCoLC)01435431 
035 |9 AAH6728AM 
040 |a WAU  |c UDI  |d COO  |d MUL  |d WAU  |d OCL  |d DLC  |d TXA  |d UtOrBLW 
049 |a TXAE 
050 0 |a SH1  |b .G317 
245 0 0 |a Studies and reviews /  |c General Fisheries Council for the Mediterranean. 
264 1 |a Rome :  |b GFCM Secretariat, Food and Agriculture Organization of the United Nations,  |c [1957-] 
300 |a volumes :  |b illustrations, maps (part folded) ;  |c 29 cm. 
310 |a Irregular 
336 |a text  |b txt  |2 rdacontent 
337 |a unmediated  |b n  |2 rdamedia 
338 |a volume  |b nc  |2 rdacarrier 
362 0 |a No. 1 (1957)- 
550 |a Issues for <2001-> published under the council's newer name: General Fisheries Commission for the Mediterranean. 
650 0 |a Fisheries  |z Mediterranean Region. 
710 2 |a General Fisheries Council for the Mediterranean (Food and Agriculture Organization of the United Nations) 
710 2 |a General Fisheries Commission for the Mediterranean (Food and Agriculture Organization of the United Nations) 
999 |a MARS 
999 f f |s bb90669f-a1e8-3701-b0a3-64e86642f0f0  |i 1b94cd30-d6da-39f5-a94b-07e64fecd9f6  |t 0 
952 f f |p ric  |a Texas A&M University  |b Rellis Campus  |c Joint Library Facility  |d Remote Storage  |t 0  |e SH1 .G317  |h Library of Congress classification  |i unmediated -- volume  |k no.79  |l 2007  |m A14834011022 
952 f f |p ric  |a Texas A&M University  |b Rellis Campus  |c Joint Library Facility  |d Remote Storage  |t 0  |e SH1 .G317  |h Library of Congress classification  |i unmediated -- volume  |k no.80  |l 2006  |m A14834003435 
952 f f |p ric  |a Texas A&M University  |b Rellis Campus  |c Joint Library Facility  |d Remote Storage  |t 0  |e SH1 .G317  |h Library of Congress classification  |i unmediated -- volume  |k no.56  |l 1977  |m A14831868103 
952 f f |p ric  |a Texas A&M University  |b Rellis Campus  |c Joint Library Facility  |d Remote Storage  |t 0  |e SH1 .G317  |h Library of Congress classification  |i unmediated -- volume  |k no.10  |l 1960  |m A14831869230 
952 f f |p ric  |a Texas A&M University  |b Rellis Campus  |c Joint Library Facility  |d Remote Storage  |t 0  |e SH1 .G317  |h Library of Congress classification  |i unmediated -- volume  |k no.6  |l 1959  |m A14831869353 
952 f f |p ric  |a Texas A&M University  |b Rellis Campus  |c Joint Library Facility  |d Remote Storage  |t 0  |e SH1 .G317  |h Library of Congress classification  |i unmediated -- volume  |k no.78  |l 2005  |m A14833965650 
952 f f |p ric  |a Texas A&M University  |b Rellis Campus  |c Joint Library Facility  |d Remote Storage  |t 0  |e SH1 .G317  |h Library of Congress classification  |i unmediated -- volume  |k no.30  |l 1965  |m A14831868195 
952 f f |p ric  |a Texas A&M University  |b Rellis Campus  |c Joint Library Facility  |d Remote Storage  |t 0  |e SH1 .G317  |h Library of Congress classification  |i unmediated -- volume  |k no.27  |l 1965  |m A14831868470 
952 f f |p ric  |a Texas A&M University  |b Rellis Campus  |c Joint Library Facility  |d Remote Storage  |t 0  |e SH1 .G317  |h Library of Congress classification  |i unmediated -- volume  |k no.66-67  |l 1996:Mar.-May  |m A14822559501 
952 f f |p ric  |a Texas A&M University  |b Rellis Campus  |c Joint Library Facility  |d Remote Storage  |t 0  |e SH1 .G317  |h Library of Congress classification  |i unmediated -- volume  |k no.47  |l 1970  |m A14831868632 
952 f f |p ric  |a Texas A&M University  |b Rellis Campus  |c Joint Library Facility  |d Remote Storage  |t 0  |e SH1 .G317  |h Library of Congress classification  |i unmediated -- volume  |k no.9  |l 1959  |m A14831869272 
952 f f |p ric  |a Texas A&M University  |b Rellis Campus  |c Joint Library Facility  |d Remote Storage  |t 0  |e SH1 .G317  |h Library of Congress classification  |i unmediated -- volume  |k no.13  |l 1960  |m A14831869117 
952 f f |p ric  |a Texas A&M University  |b Rellis Campus  |c Joint Library Facility  |d Remote Storage  |t 0  |e SH1 .G317  |h Library of Congress classification  |i unmediated -- volume  |k no.98  |l 2019  |m A14850944266 
952 f f |p ric  |a Texas A&M University  |b Rellis Campus  |c Joint Library Facility  |d Remote Storage  |t 0  |e SH1 .G317  |h Library of Congress classification  |i unmediated -- volume  |k no.17  |l 1961  |m A14831869078 
952 f f |p ric  |a Texas A&M University  |b Rellis Campus  |c Joint Library Facility  |d Remote Storage  |t 0  |e SH1 .G317  |h Library of Congress classification  |i unmediated -- volume  |k Contents  |l 1973  |m A14831868349 
952 f f |p ric  |a Texas A&M University  |b Rellis Campus  |c Joint Library Facility  |d Remote Storage  |t 0  |e SH1 .G317  |h Library of Congress classification  |i unmediated -- volume  |k no.50  |l 1971  |m A14831868551 
952 f f |p ric  |a Texas A&M University  |b Rellis Campus  |c Joint Library Facility  |d Remote Storage  |t 0  |e SH1 .G317  |h Library of Congress classification  |i unmediated -- volume  |k no.52  |l 1973  |m A14831868307 
952 f f |p ric  |a Texas A&M University  |b Rellis Campus  |c Joint Library Facility  |d Remote Storage  |t 0  |e SH1 .G317  |h Library of Congress classification  |i unmediated -- volume  |k no.25  |l 1964  |m A14831868519 
952 f f |p ric  |a Texas A&M University  |b Rellis Campus  |c Joint Library Facility  |d Remote Storage  |t 0  |e SH1 .G317  |h Library of Congress classification  |i unmediated -- volume  |k no.94  |l 2014  |m A14842606924 
952 f f |p ric  |a Texas A&M University  |b Rellis Campus  |c Joint Library Facility  |d Remote Storage  |t 0  |e SH1 .G317  |h Library of Congress classification  |i unmediated -- volume  |k no.76  |l 2005  |m A14831450861 
952 f f |p ric  |a Texas A&M University  |b Rellis Campus  |c Joint Library Facility  |d Remote Storage  |t 0  |e SH1 .G317  |h Library of Congress classification  |i unmediated -- volume  |k no.45  |l 1970  |m A14831868674 
952 f f |p ric  |a Texas A&M University  |b Rellis Campus  |c Joint Library Facility  |d Remote Storage  |t 0  |e SH1 .G317  |h Library of Congress classification  |i unmediated -- volume  |k no.28  |l 1965  |m A14831868438 
952 f f |p ric  |a Texas A&M University  |b Rellis Campus  |c Joint Library Facility  |d Remote Storage  |t 0  |e SH1 .G317  |h Library of Congress classification  |i unmediated -- volume  |k no.54  |l 1974  |m A14831868381 
952 f f |p ric  |a Texas A&M University  |b Rellis Campus  |c Joint Library Facility  |d Remote Storage  |t 0  |e SH1 .G317  |h Library of Congress classification  |i unmediated -- volume  |k no.60  |l 1985  |m A14831868145 
952 f f |p ric  |a Texas A&M University  |b Rellis Campus  |c Joint Library Facility  |d Remote Storage  |t 0  |e SH1 .G317  |h Library of Congress classification  |i unmediated -- volume  |k no.39  |l 1969  |m A14831868797 
952 f f |p ric  |a Texas A&M University  |b Rellis Campus  |c Joint Library Facility  |d Remote Storage  |t 0  |e SH1 .G317  |h Library of Congress classification  |i unmediated -- volume  |k no.19  |l 1962  |m A14831869345 
952 f f |p ric  |a Texas A&M University  |b Rellis Campus  |c Joint Library Facility  |d Remote Storage  |t 0  |e SH1 .G317  |h Library of Congress classification  |i unmediated -- volume  |k no.61  |l 1984  |m A14831868284 
952 f f |p ric  |a Texas A&M University  |b Rellis Campus  |c Joint Library Facility  |d Remote Storage  |t 0  |e SH1 .G317  |h Library of Congress classification  |i unmediated -- volume  |k no.11  |l 1960  |m A14831869191 
952 f f |p ric  |a Texas A&M University  |b Rellis Campus  |c Joint Library Facility  |d Remote Storage  |t 0  |e SH1 .G317  |h Library of Congress classification  |i unmediated -- volume  |k no.75  |l 2005  |m A14831435748 
952 f f |p ric  |a Texas A&M University  |b Rellis Campus  |c Joint Library Facility  |d Remote Storage  |t 0  |e SH1 .G317  |h Library of Congress classification  |i unmediated -- volume  |k no.73  |l 2004  |m A14831868022 
952 f f |p ric  |a Texas A&M University  |b Rellis Campus  |c Joint Library Facility  |d Remote Storage  |t 0  |e SH1 .G317  |h Library of Congress classification  |i unmediated -- volume  |k no.95  |l 2015  |m A14843472938 
952 f f |p ric  |a Texas A&M University  |b Rellis Campus  |c Joint Library Facility  |d Remote Storage  |t 0  |e SH1 .G317  |h Library of Congress classification  |i unmediated -- volume  |k no.91  |l 2012  |m A14841832588 
952 f f |p ric  |a Texas A&M University  |b Rellis Campus  |c Joint Library Facility  |d Remote Storage  |t 0  |e SH1 .G317  |h Library of Congress classification  |i unmediated -- volume  |k no.71  |l 2001  |m A14828624215 
952 f f |p ric  |a Texas A&M University  |b Rellis Campus  |c Joint Library Facility  |d Remote Storage  |t 0  |e SH1 .G317  |h Library of Congress classification  |i unmediated -- volume  |k no.3  |l 1958  |m A14831868917 
952 f f |p ric  |a Texas A&M University  |b Rellis Campus  |c Joint Library Facility  |d Remote Storage  |t 0  |e SH1 .G317  |h Library of Congress classification  |i unmediated -- volume  |k no.41  |l 1969  |m A14831868187 
952 f f |p ric  |a Texas A&M University  |b Rellis Campus  |c Joint Library Facility  |d Remote Storage  |t 0  |e SH1 .G317  |h Library of Congress classification  |i unmediated -- volume  |k no.81  |l 2007  |m A14836999983 
952 f f |p ric  |a Texas A&M University  |b Rellis Campus  |c Joint Library Facility  |d Remote Storage  |t 0  |e SH1 .G317  |h Library of Congress classification  |i unmediated -- volume  |k no.35  |l 1968  |m A14831868357 
952 f f |p ric  |a Texas A&M University  |b Rellis Campus  |c Joint Library Facility  |d Remote Storage  |t 0  |e SH1 .G317  |h Library of Congress classification  |i unmediated -- volume  |k no.2  |l 1957  |m A14831868878 
952 f f |p ric  |a Texas A&M University  |b Rellis Campus  |c Joint Library Facility  |d Remote Storage  |t 0  |e SH1 .G317  |h Library of Congress classification  |i unmediated -- volume  |k no.83  |l 2006  |m A14834003477 
952 f f |p ric  |a Texas A&M University  |b Rellis Campus  |c Joint Library Facility  |d Remote Storage  |t 0  |e SH1 .G317  |h Library of Congress classification  |i unmediated -- volume  |k no.92  |l 2013  |m A14841834642 
952 f f |p ric  |a Texas A&M University  |b Rellis Campus  |c Joint Library Facility  |d Remote Storage  |t 0  |e SH1 .G317  |h Library of Congress classification  |i unmediated -- volume  |k no.16  |l 1961  |m A14831868991 
952 f f |p ric  |a Texas A&M University  |b Rellis Campus  |c Joint Library Facility  |d Remote Storage  |t 0  |e SH1 .G317  |h Library of Congress classification  |i unmediated -- volume  |k no.51  |l 1972  |m A14831868268 
952 f f |p ric  |a Texas A&M University  |b Rellis Campus  |c Joint Library Facility  |d Remote Storage  |t 0  |e SH1 .G317  |h Library of Congress classification  |i unmediated -- volume  |k no.86  |l 2010  |m A14839454542 
952 f f |p ric  |a Texas A&M University  |b Rellis Campus  |c Joint Library Facility  |d Remote Storage  |t 0  |e SH1 .G317  |h Library of Congress classification  |i unmediated -- volume  |k no.88  |l 2010  |m A14839455564 
952 f f |p ric  |a Texas A&M University  |b Rellis Campus  |c Joint Library Facility  |d Remote Storage  |t 0  |e SH1 .G317  |h Library of Congress classification  |i unmediated -- volume  |k no.85  |l 2009  |m A14837477714 
952 f f |p ric  |a Texas A&M University  |b Rellis Campus  |c Joint Library Facility  |d Remote Storage  |t 0  |e SH1 .G317  |h Library of Congress classification  |i unmediated -- volume  |k no.58  |l 1981  |m A14831868543 
952 f f |p ric  |a Texas A&M University  |b Rellis Campus  |c Joint Library Facility  |d Remote Storage  |t 0  |e SH1 .G317  |h Library of Congress classification  |i unmediated -- volume  |k no.49  |l 1971  |m A14831868593 
952 f f |p ric  |a Texas A&M University  |b Rellis Campus  |c Joint Library Facility  |d Remote Storage  |t 0  |e SH1 .G317  |h Library of Congress classification  |i unmediated -- volume  |k no.90  |l 2011  |m A14839681212 
952 f f |p ric  |a Texas A&M University  |b Rellis Campus  |c Joint Library Facility  |d Remote Storage  |t 0  |e SH1 .G317  |h Library of Congress classification  |i unmediated -- volume  |k no.29  |l 1965  |m A14831868153 
952 f f |p ric  |a Texas A&M University  |b Rellis Campus  |c Joint Library Facility  |d Remote Storage  |t 0  |e SH1 .G317  |h Library of Congress classification  |i unmediated -- volume  |k no.43  |l 1969  |m A14831868501 
952 f f |p ric  |a Texas A&M University  |b Rellis Campus  |c Joint Library Facility  |d Remote Storage  |t 0  |e SH1 .G317  |h Library of Congress classification  |i unmediated -- volume  |k no.72  |l 2001  |m A14828625342 
952 f f |p ric  |a Texas A&M University  |b Rellis Campus  |c Joint Library Facility  |d Remote Storage  |t 0  |e SH1 .G317  |h Library of Congress classification  |i unmediated -- volume  |k no.14  |l 1961  |m A14831868959 
952 f f |p ric  |a Texas A&M University  |b Rellis Campus  |c Joint Library Facility  |d Remote Storage  |t 0  |e SH1 .G317  |h Library of Congress classification  |i unmediated -- volume  |k no.74  |l 2004  |m A14831418534 
952 f f |p ric  |a Texas A&M University  |b Rellis Campus  |c Joint Library Facility  |d Remote Storage  |t 0  |e SH1 .G317  |h Library of Congress classification  |i unmediated -- volume  |k no.8  |l 1959  |m A14831869311 
952 f f |p ric  |a Texas A&M University  |b Rellis Campus  |c Joint Library Facility  |d Remote Storage  |t 0  |e SH1 .G317  |h Library of Congress classification  |i unmediated -- volume  |k no.21  |l 1963  |m A14831868420 
952 f f |p ric  |a Texas A&M University  |b Rellis Campus  |c Joint Library Facility  |d Remote Storage  |t 0  |e SH1 .G317  |h Library of Congress classification  |i unmediated -- volume  |k no.70  |l 1998  |m A14828624948 
952 f f |p ric  |a Texas A&M University  |b Rellis Campus  |c Joint Library Facility  |d Remote Storage  |t 0  |e SH1 .G317  |h Library of Congress classification  |i unmediated -- volume  |k no.30  |l 1968  |m A14831868234 
952 f f |p ric  |a Texas A&M University  |b Rellis Campus  |c Joint Library Facility  |d Remote Storage  |t 0  |e SH1 .G317  |h Library of Congress classification  |i unmediated -- volume  |k no.57  |l 1980  |m A14831868585 
952 f f |p ric  |a Texas A&M University  |b Rellis Campus  |c Joint Library Facility  |d Remote Storage  |t 0  |e SH1 .G317  |h Library of Congress classification  |i unmediated -- volume  |k no.82  |l 2007  |m A14834017044 
952 f f |p ric  |a Texas A&M University  |b Rellis Campus  |c Joint Library Facility  |d Remote Storage  |t 0  |e SH1 .G317  |h Library of Congress classification  |i unmediated -- volume  |k no.12  |l 1960  |m A14831869159 
952 f f |p ric  |a Texas A&M University  |b Rellis Campus  |c Joint Library Facility  |d Remote Storage  |t 0  |e SH1 .G317  |h Library of Congress classification  |i unmediated -- volume  |k no.89  |l 2010  |m A14839458318 
952 f f |p ric  |a Texas A&M University  |b Rellis Campus  |c Joint Library Facility  |d Remote Storage  |t 0  |e SH1 .G317  |h Library of Congress classification  |i unmediated -- volume  |k no.99  |l 2019  |m A14850944993 
952 f f |p ric  |a Texas A&M University  |b Rellis Campus  |c Joint Library Facility  |d Remote Storage  |t 0  |e SH1 .G317  |h Library of Congress classification  |i unmediated -- volume  |k no.31  |l 1966  |m A14831868276 
952 f f |p ric  |a Texas A&M University  |b Rellis Campus  |c Joint Library Facility  |d Remote Storage  |t 0  |e SH1 .G317  |h Library of Congress classification  |i unmediated -- volume  |k no.38  |l 1969  |m A14831868755 
952 f f |p ric  |a Texas A&M University  |b Rellis Campus  |c Joint Library Facility  |d Remote Storage  |t 0  |e SH1 .G317  |h Library of Congress classification  |i unmediated -- volume  |k no.24  |l 1964  |m A14831868462 
952 f f |p ric  |a Texas A&M University  |b Rellis Campus  |c Joint Library Facility  |d Remote Storage  |t 0  |e SH1 .G317  |h Library of Congress classification  |i unmediated -- volume  |k no.44  |l 1970  |m A14831868713 
952 f f |p ric  |a Texas A&M University  |b Rellis Campus  |c Joint Library Facility  |d Remote Storage  |t 0  |e SH1 .G317  |h Library of Congress classification  |i unmediated -- volume  |k no.40  |l 1969  |m A14831868836 
952 f f |p ric  |a Texas A&M University  |b Rellis Campus  |c Joint Library Facility  |d Remote Storage  |t 0  |e SH1 .G317  |h Library of Congress classification  |i unmediated -- volume  |k no.68-69  |l 1997  |m A14825993144 
952 f f |p ric  |a Texas A&M University  |b Rellis Campus  |c Joint Library Facility  |d Remote Storage  |t 0  |e SH1 .G317  |h Library of Congress classification  |i unmediated -- volume  |k no.97  |l 2019  |m A14850970535 
952 f f |p ric  |a Texas A&M University  |b Rellis Campus  |c Joint Library Facility  |d Remote Storage  |t 0  |e SH1 .G317  |h Library of Congress classification  |i unmediated -- volume  |k no.64-65  |l 1993:Jan.-Sept.  |m A14822559519 
952 f f |p ric  |a Texas A&M University  |b Rellis Campus  |c Joint Library Facility  |d Remote Storage  |t 0  |e SH1 .G317  |h Library of Congress classification  |i unmediated -- volume  |k no.18  |l 1962  |m A14831869036 
952 f f |p ric  |a Texas A&M University  |b Rellis Campus  |c Joint Library Facility  |d Remote Storage  |t 0  |e SH1 .G317  |h Library of Congress classification  |i unmediated -- volume  |k no.93  |l 2013  |m A14842275860 
952 f f |p ric  |a Texas A&M University  |b Rellis Campus  |c Joint Library Facility  |d Remote Storage  |t 0  |e SH1 .G317  |h Library of Congress classification  |i unmediated -- volume  |k no.42  |l 1969  |m A14831868226 
952 f f |p ric  |a Texas A&M University  |b Rellis Campus  |c Joint Library Facility  |d Remote Storage  |t 0  |e SH1 .G317  |h Library of Congress classification  |i unmediated -- volume  |k no.26  |l 1965  |m A14831868111 
952 f f |p ric  |a Texas A&M University  |b Rellis Campus  |c Joint Library Facility  |d Remote Storage  |t 0  |e SH1 .G317  |h Library of Congress classification  |i unmediated -- volume  |k no.37  |l 1968  |m A14831868399 
952 f f |p ric  |a Texas A&M University  |b Rellis Campus  |c Joint Library Facility  |d Remote Storage  |t 0  |e SH1 .G317  |h Library of Congress classification  |i unmediated -- volume  |k no.20  |l 1963  |m A14831869303 
952 f f |p ric  |a Texas A&M University  |b Rellis Campus  |c Joint Library Facility  |d Remote Storage  |t 0  |e SH1 .G317  |h Library of Congress classification  |i unmediated -- volume  |k no.34  |l 1968  |m A14831868315 
952 f f |p ric  |a Texas A&M University  |b Rellis Campus  |c Joint Library Facility  |d Remote Storage  |t 0  |e SH1 .G317  |h Library of Congress classification  |i unmediated -- volume  |k no.55  |l 1976  |m A14852752071 
952 f f |p ric  |a Texas A&M University  |b Rellis Campus  |c Joint Library Facility  |d Remote Storage  |t 0  |e SH1 .G317  |h Library of Congress classification  |i unmediated -- volume  |k no.63  |l 1990:Dec.  |m A14822559527 
998 f f |a SH1 .G317  |s no.60-76,78-83,85-86,88-95,97-99 (1985-2007,2009-2010,2010,2010-2015,2019-2019)  |t 0  |l Remote Storage